|
|
|
|
| LEADER |
00000nam a2200000 a 4500 |
| 001 |
vtls010512140 |
| 003 |
SK-MaSNL |
| 005 |
20260301174339.0 |
| 008 |
160430s2001 xr a g 5 000 0 slo |
| 020 |
|
|
|a 802387134X (brož.)
|
| 040 |
|
|
|a SNK
|b slo
|c SNK
|e AACR2
|
| 041 |
1 |
|
|a slo
|h cze
|
| 044 |
|
|
|a xr
|c CZ
|
| 072 |
|
7 |
|a 133
|x Ezoterizmus. Okultizmus
|2 konspekt
|
| 080 |
|
|
|a 133.52
|2 2001
|
| 080 |
|
|
|a (059)
|2 2001
|
| 100 |
1 |
|
|a Kanyzová, Žofie,
|d 1949-
|4 aut
|4 com
|9 546595
|
| 245 |
1 |
0 |
|a Lunárny kalendár Krásnej panej a publikácia Rok 2002
|c Žofie Kanyzová a kolektív autorov ; preklad Andrej Barla
|
| 246 |
3 |
|
|a 2002
|
| 246 |
3 |
|
|a Rok 2002
|
| 260 |
|
|
|a Praha
|b Krásná paní
|c 2001
|
| 300 |
|
|
|a 132 s.
|b ilustr., sch.
|c 22 cm
|
| 500 |
|
|
|a Pravdepodobne prel. z češ.
|
| 500 |
|
|
|a Hrebeňová väzba
|
| 650 |
0 |
7 |
|a astrológia
|2 SNKPH
|9 2077
|
| 650 |
0 |
7 |
|a Astrology
|2 SNKPHeng
|9 317785
|
| 655 |
|
7 |
|a kalendáre
|2 SNKPH
|9 70450
|
| 655 |
|
7 |
|a Calendars
|2 SNKPHeng
|9 265208
|
| 700 |
1 |
|
|a Barla, Andrej
|4 trl
|9 546596
|
| 919 |
|
|
|a 80-238-7134-X
|
| 999 |
|
|
|c 839369
|d 841299
|
| 952 |
|
|
|a SNK
|b SNK
|y PREZ
|7 0
|p 17A1068910
|o snkOSC 26499
|i snk2013/11526
|8 3
|g 10.00
|0 0
|1 0
|4 0
|d 2013-05-21
|l 0
|r 2026-02-24 04:06:16
|w 2026-02-24
|
| 952 |
|
|
|a SNK
|b SNK
|y PREZ
|7 0
|p 17A1068911
|o snkOSC 26499/príl.
|i snk2013/11526
|8 3
|3 Príloha stolový kalendár
|z Príloha stolový kalendár
|0 0
|1 0
|4 0
|d 2013-05-21
|l 0
|r 2026-02-24 04:06:16
|w 2026-02-24
|